LIBRARY & INFORMATION CENTRE, KCAET, TAVANUR

ONLINE PUBLIC ACCESS CATALOGUE (OPAC)

Product diversification of jackfruit (Record no. 15091)

MARC details
000 -LEADER
fixed length control field 00650nam a22001937a 4500
003 - CONTROL NUMBER IDENTIFIER
control field OSt
088 ## - REPORT NUMBER
Report number P 199
100 ## - MAIN ENTRY--AUTHOR NAME
Personal name AKHILA B. G
245 ## - TITLE STATEMENT
Title Product diversification of jackfruit
260 ## - PUBLICATION, DISTRIBUTION, ETC. (IMPRINT)
Place of publication Tavanur 2009
Name of publisher Department of Post Harvest Technology & Agricultural Processing
300 ## - PHYSICAL DESCRIPTION
Number of Pages 66
500 ## - GENERAL NOTE
General note Product diversification of jackfruit
520 ## - SUMMARY, ETC.
Summary, etc Jackfruit was considered as heavenly fruit by ancient people of Kerala.
700 ## - ADDED ENTRY--PERSONAL NAME
Personal name Shareena K. P
700 ## - ADDED ENTRY--PERSONAL NAME
Personal name Er. Rajesh G. K (Guide)
856 ## - ELECTRONIC LOCATION AND ACCESS
Uniform Resource Identifier https://drive.google.com/open?id=1ysseaP0a1nXGltvV7wNzRivs1sfAz2wu
942 ## - ADDED ENTRY ELEMENTS (KOHA)
Koha item type Project Report
Holdings
Collection code Home library Current library Shelving location Full call number Accession Number Koha item type
Reference KAUAET KAUAET Reference 631.56 AKH/PR P 199 Project Report
free website counter